000 00643nam a2200193 a 4500
005 20140310183554.0
008 111027s19uu xx 00 eng d
020 _a9781849058278
050 _aRC 553.A88
_b.Qu85 2011
100 _aQuinn, Barbara
245 _aAutism, asperger syndrome and pervasive development disorder :
_ban altered perspective /
_cBarbara Quinn and Anthony Malone.
260 _aLondon :
_bJessica Kingsley Publishers,
_c2011.
300 _a207 p. :
_c23 cm.
650 _aAustism spectrum disorder
650 _aChild development deviation
700 _aMalone, Anthony
942 _cBK
_2lcc
_kFOR
999 _c25001
_d25001